ბათუმის შოთა რუსთაველის სახელმწიფო უნივერსიტეტის ბიბლიოთეკა

საკურსო სამუშაოების მოცემულობანი თეორიულ მექამიკაში. (ბიბ.ჩანაწერი № 38421)

000 -LEADER
fixed length control field 00815nam a2200205Ia 4500
001 - CONTROL NUMBER
control field 4432
003 - CONTROL NUMBER IDENTIFIER
control field GE_BSU
008 - FIXED-LENGTH DATA ELEMENTS--GENERAL INFORMATION
fixed length control field 181216s||||||||xx |||||||||||||| ||und||
040 ## - CATALOGING SOURCE
Transcribing agency GE_BSU
080 ## - UNIVERSAL DECIMAL CLASSIFICATION NUMBER
Universal Decimal Classification number 531.01(07)
245 ## - TITLE STATEMENT
Title საკურსო სამუშაოების მოცემულობანი თეორიულ მექამიკაში.
245 ## - TITLE STATEMENT
Remainder of title (დინამიკა).
245 ## - TITLE STATEMENT
Statement of responsibility, etc. შემდგ. ა. შარანგია. რედ. ე. კირვალიძე.
260 ## - PUBLICATION, DISTRIBUTION, ETC.
Place of publication, distribution, etc. თბილისი
260 ## - PUBLICATION, DISTRIBUTION, ETC.
Name of publisher, distributor, etc. სპი
260 ## - PUBLICATION, DISTRIBUTION, ETC.
Date of publication, distribution, etc. 1972
300 ## - PHYSICAL DESCRIPTION
Extent 57 გვ. 20 სმ.
653 ## - INDEX TERM--UNCONTROLLED
Uncontrolled term საკურსო სამუშაოების მოცემულობანი თეორიულ მექამიკაში.
942 ## - ADDED ENTRY ELEMENTS (KOHA)
Koha item type წიგნი

არაა ხელმისაწვდომი ეგზემპლარები.